000 00661cab a22001935a 4500
001 L148924
008 091130s2009 xxkdo f s 000 0 eng d
035 _a(Sirsi) u148924
041 0 _aeng
100 1 _aMcAndrew, Mark
245 0 0 _aLand prices where you are
260 _c2009
490 _aFarmland Market
_v(72) Autumn 2009, 8-13(6)
520 _aReviews the UK agricultural land market for the first half of 2009 region by region. Includes tables of price of land per acre at June 2009.
590 _aKA
651 4 _aUnited Kingdom
_y
690 _aPROPERTY-RURAL AND NATURAL ASSETS-AGRICULTURAL PROPERTY-AGRICULTURAL PROPERTY MARKET
942 _n0
999 _c82007
_d82007